[Event "NB II. Barcza csoport"]
[Site "Miskolc"]
[Date "2024.04.07"]
[Round "7.11"]
[White "Simon, Ors Attila"]
[Black "Torok, Rita"]
[Result "1-0"]
[WhiteElo "1847"]
[BlackElo "1550"]
[PlyCount "45"]
[EventDate "2023.10.08"]
[EventType "team-tourn"]
[EventRounds "9"]
[EventCountry "HUN"]
[Source "chess.hu"]
[WhiteTeam "NYESE"]
[BlackTeam "DVTK II."]
[WhiteTeamCountry "HUN"]
[BlackTeamCountry "HUN"]

1. e4 e5 2. Nf3 Nc6 3. Nc3 Nf6 4. Bb5 d6 5. d4 exd4 6. Nxd4 Bd7 7. Nxc6 Bxc6 8.
Bxc6+ bxc6 9. Bf4 Qe7 10. O-O O-O-O 11. Re1 Nd7 12. Qe2 Nc5 13. b4 Nb7 14. Qa6
Kb8 15. Qxc6 Qf6 16. Nd5 Qh4 17. Qxc7+ Ka8 18. a4 g6 19. a5 Bg7 20. a6 Rb8 21.
axb7+ Rxb7 22. Nb6+ Rxb6 23. Rxa7# 1-0

[Event "NB II. Barcza csoport"]
[Site "Miskolc"]
[Date "2024.04.07"]
[Round "7.12"]
[White "Papp, Kinga"]
[Black "Simon, Virag Boglarka"]
[Result "0-1"]
[WhiteElo "1611"]
[BlackElo "1708"]
[PlyCount "84"]
[EventDate "2023.10.08"]
[EventType "team-tourn"]
[EventRounds "9"]
[EventCountry "HUN"]
[Source "chess.hu"]
[WhiteTeam "DVTK II."]
[BlackTeam "NYESE"]
[WhiteTeamCountry "HUN"]
[BlackTeamCountry "HUN"]

1. e4 g6 2. d4 Bg7 3. Nf3 d6 4. Nc3 Nf6 5. Bc4 O-O 6. O-O a6 7. a4 Bg4 8. h3
Bxf3 9. Qxf3 Nc6 10. Be3 e5 11. Rfd1 exd4 12. Bxd4 Nxd4 13. Rxd4 Ng4 14. Rdd1
Ne5 15. Qe2 Nxc4 16. Qxc4 Re8 17. Re1 Rb8 18. Rad1 Qd7 19. f4 b5 20. axb5 axb5
21. Qb3 c6 22. g4 b4 23. Na2 Qa7+ 24. Kg2 Qc5 25. Nc1 Bf6 26. Nd3 Qa5 27. Ra1
Qb5 28. Ra7 Re7 29. Rea1 Qb6 30. Ra8 Rxe4 31. Rxb8+ Qxb8 32. c3 c5 33. Qd5 Re8
34. cxb4 cxb4 35. Ra6 Qc7 36. Rxd6 Qc2+ 37. Nf2 Bh4 38. Qd2 Re2 39. Qxc2 Rxc2
40. Rb6 Rxf2+ 41. Kg1 Rxb2 42. f5 Bf2+ 0-1

[Event "NB II. Barcza csoport"]
[Site "Kazincbarcika"]
[Date "2024.04.07"]
[Round "7.1"]
[White "Kiss, Gergely Dr"]
[Black "Hando, Vilmos"]
[Result "1/2-1/2"]
[WhiteElo "2059"]
[BlackElo "2383"]
[PlyCount "64"]
[EventDate "2023.10.08"]
[EventType "team-tourn"]
[EventRounds "9"]
[EventCountry "HUN"]
[Source "chess.hu"]
[WhiteTeam "DEAC-Debr.Sakkiskola"]
[BlackTeam "Kazincbarcika VSC"]
[WhiteTeamCountry "HUN"]
[BlackTeamCountry "HUN"]

1. d4 Nf6 2. Nc3 d5 3. Bf4 Bf5 4. e3 e6 5. Bd3 Bxd3 6. Qxd3 a6 7. Nf3 c5 8. O-O
Nc6 9. Rad1 c4 10. Qe2 Bb4 11. Nb1 b5 12. c3 Be7 13. Nbd2 b4 14. Ne5 Rc8 15.
cxb4 Bxb4 16. Bg5 h6 17. Bxf6 Qxf6 18. f4 Bxd2 19. Qxd2 Qe7 20. Rf3 O-O 21.
Rdf1 Qb4 22. Qf2 f6 23. Nd7 Rfe8 24. Qh4 Qe7 25. Nc5 Nd8 26. Rg3 Kh7 27. f5 e5
28. Qg4 exd4 29. exd4 Kh8 30. Nxa6 Nb7 31. Nb4 Rcd8 32. a3 Rd7 1/2-1/2

[Event "NB II. Barcza csoport"]
[Site "Kazincbarcika"]
[Date "2024.04.07"]
[Round "7.2"]
[White "Borsos, Bogdan"]
[Black "Donka, Peter"]
[Result "1/2-1/2"]
[WhiteElo "2065"]
[BlackElo "1954"]
[PlyCount "20"]
[EventDate "2023.10.08"]
[EventType "team-tourn"]
[EventRounds "9"]
[EventCountry "HUN"]
[Source "chess.hu"]
[WhiteTeam "Kazincbarcika VSC"]
[BlackTeam "DEAC-Debr.Sakkiskola"]
[WhiteTeamCountry "HUN"]
[BlackTeamCountry "HUN"]

1. d4 d5 2. Nf3 e6 3. c4 dxc4 4. Qa4+ Nd7 5. Qxc4 Ngf6 6. g3 a6 7. Bg2 b5 8.
Qc2 Bb7 9. O-O c5 10. a4 Rc8 1/2-1/2

[Event "NB II. Barcza csoport"]
[Site "Kazincbarcika"]
[Date "2024.04.07"]
[Round "7.3"]
[White "Ats, Laszlo Gyorgy"]
[Black "Ligart, Tamas"]
[Result "0-1"]
[WhiteElo "1918"]
[BlackElo "2150"]
[PlyCount "56"]
[EventDate "2023.10.08"]
[EventType "team-tourn"]
[EventRounds "9"]
[EventCountry "HUN"]
[Source "chess.hu"]
[WhiteTeam "DEAC-Debr.Sakkiskola"]
[BlackTeam "Kazincbarcika VSC"]
[WhiteTeamCountry "HUN"]
[BlackTeamCountry "HUN"]

1. d4 d6 2. Bf4 g6 3. h4 Nf6 4. e3 Bg7 5. c3 c6 6. Bd3 Nbd7 7. Nd2 c5 8. Qe2 h6
9. g4 cxd4 10. exd4 e5 11. dxe5 dxe5 12. O-O-O O-O 13. Be3 Nd5 14. g5 h5 15.
Ne4 Qa5 16. Kb1 Nf4 17. Bxf4 exf4 18. Qc2 Ne5 19. Nd6 Be6 20. b4 Qb6 21. Be4
Rab8 22. Ne2 Rfd8 23. Nxb7 Rxd1+ 24. Rxd1 Rxb7 25. Bxb7 Qxb7 26. Nd4 Bg4 27.
Re1 Nf3 28. Re8+ Kh7 0-1

[Event "NB II. Barcza csoport"]
[Site "Kazincbarcika"]
[Date "2024.04.07"]
[Round "7.5"]
[White "Kerti, Laszlo"]
[Black "Karolyfalvi, Zoltan"]
[Result "0-1"]
[WhiteElo "1839"]
[BlackElo "2076"]
[PlyCount "54"]
[EventDate "2023.10.08"]
[EventType "team-tourn"]
[EventRounds "9"]
[EventCountry "HUN"]
[Source "chess.hu"]
[WhiteTeam "DEAC-Debr.Sakkiskola"]
[BlackTeam "Kazincbarcika VSC"]
[WhiteTeamCountry "HUN"]
[BlackTeamCountry "HUN"]

1. e4 c6 2. d4 d5 3. Nc3 dxe4 4. Nxe4 Nf6 5. Ng3 h5 6. h4 Bg4 7. Be2 e6 8. Bg5
Nbd7 9. Qd2 Qc7 10. Bf4 Bd6 11. Bxd6 Qxd6 12. O-O-O Bxe2 13. N1xe2 Qd5 14. Kb1
Qxg2 15. Nf4 Qf3 16. Rhe1 O-O-O 17. Nd3 Qg4 18. Qf4 g6 19. f3 Qxf4 20. Nxf4
Rhe8 21. c4 e5 22. dxe5 Nxe5 23. Rxd8+ Kxd8 24. Rd1+ Kc7 25. Ne4 Nxe4 26. fxe4
Nxc4 27. Rd4 Rxe4 0-1

[Event "NB II. Barcza csoport"]
[Site "Kazincbarcika"]
[Date "2024.04.07"]
[Round "7.6"]
[White "Balazs, Ladislav"]
[Black "Radai, Balazs"]
[Result "0-1"]
[WhiteElo "2052"]
[BlackElo "1812"]
[PlyCount "132"]
[EventDate "2023.10.08"]
[EventType "team-tourn"]
[EventRounds "9"]
[EventCountry "HUN"]
[Source "chess.hu"]
[WhiteTeam "Kazincbarcika VSC"]
[BlackTeam "DEAC-Debr.Sakkiskola"]
[WhiteTeamCountry "HUN"]
[BlackTeamCountry "HUN"]

1. e4 c6 2. d4 d5 3. exd5 cxd5 4. c4 Nf6 5. Nc3 e6 6. Nf3 Nc6 7. cxd5 Nxd5 8.
Bd3 Be7 9. O-O Bf6 10. Re1 O-O 11. Be4 Nxc3 12. bxc3 Qc7 13. Bc2 b6 14. Qd3 g6
15. Bh6 Rd8 16. h4 Bb7 17. h5 Ne7 18. Rac1 Rac8 19. Bb3 Bd5 20. c4 Bb7 21. hxg6
hxg6 22. Bg5 Bxg5 23. Nxg5 Qf4 24. Ne4 Bxe4 25. Qxe4 Qxe4 26. Rxe4 Nf5 27. Rd1
Nd6 28. Rh4 Nxc4 29. g4 Rd5 30. Rd3 Kg7 31. f4 Kf6 32. g5+ Ke7 33. a4 a6 34.
Kf2 b5 35. Rh1 Rcd8 36. axb5 axb5 37. Rhd1 R5d6 38. Bxc4 bxc4 39. Rc3 Rxd4 40.
Rxd4 Rxd4 41. Ke3 e5 42. fxe5 Rg4 43. Kf3 Rxg5 44. Kf4 Rf5+ 45. Ke4 Ke6 46.
Rxc4 Rxe5+ 47. Kf4 Rd5 48. Re4+ Kf6 49. Ra4 g5+ 50. Kg4 Kg6 51. Ra6+ f6 52. Kf3
Rd4 53. Ra5 f5 54. Rb5 g4+ 55. Kg3 Kg5 56. Rb3 f4+ 57. Kf2 Rd2+ 58. Ke1 Ra2 59.
Kf1 f3 60. Kg1 Kh4 61. Rc3 Kg3 62. Rc1 Kh3 63. Rc3 g3 64. Rxf3 Ra1+ 65. Rf1
Rxf1+ 66. Kxf1 Kh2 0-1

[Event "NB II. Barcza csoport"]
[Site "Kazincbarcika"]
[Date "2024.04.07"]
[Round "7.7"]
[White "Szabo, Peter F"]
[Black "Kubik, Janos"]
[Result "0-1"]
[WhiteElo "1721"]
[BlackElo "1956"]
[PlyCount "76"]
[EventDate "2023.10.08"]
[EventType "team-tourn"]
[EventRounds "9"]
[EventCountry "HUN"]
[Source "chess.hu"]
[WhiteTeam "DEAC-Debr.Sakkiskola"]
[BlackTeam "Kazincbarcika VSC"]
[WhiteTeamCountry "HUN"]
[BlackTeamCountry "HUN"]

1. e4 c5 2. Nf3 Nf6 3. e5 Nd5 4. b3 e6 5. Bb2 Be7 6. c4 Nc7 7. g3 b6 8. Bg2 Bb7
9. Na3 O-O 10. Nc2 f6 11. O-O fxe5 12. Bxe5 d6 13. Bc3 e5 14. d3 Nba6 15. Re1
Ne6 16. Qe2 Bf6 17. Nd2 Bxg2 18. Kxg2 Nac7 19. Ne4 b5 20. Ba5 Qd7 21. Ne3 Nd4
22. Qd2 Nce6 23. Bc3 Bg5 24. Qd1 Nf3 25. Re2 Be7 26. h3 Neg5 27. Nxg5 Nxg5 28.
g4 Rf7 29. Nd5 Raf8 30. Rc2 Rf3 31. Nxe7+ Qxe7 32. h4 Qb7 33. Kf1 Nh3 34. Be1
Qd7 35. Ke2 Qxg4 36. Kd2 Qf4+ 37. Kc3 Qd4+ 38. Kd2 Nxf2 0-1

[Event "NB II. Barcza csoport"]
[Site "Kazincbarcika"]
[Date "2024.04.07"]
[Round "7.8"]
[White "Heinrich, Jan"]
[Black "Kovacs, Laszlo"]
[Result "1/2-1/2"]
[WhiteElo "1886"]
[BlackElo "1714"]
[PlyCount "51"]
[EventDate "2023.10.08"]
[EventType "team-tourn"]
[EventRounds "9"]
[EventCountry "HUN"]
[Source "chess.hu"]
[WhiteTeam "Kazincbarcika VSC"]
[BlackTeam "DEAC-Debr.Sakkiskola"]
[WhiteTeamCountry "HUN"]
[BlackTeamCountry "HUN"]

1. d4 Nf6 2. Nf3 g6 3. c4 Bg7 4. Nc3 d6 5. g3 Nbd7 6. Bg2 O-O 7. O-O e5 8. e4
exd4 9. Nxd4 Re8 10. Re1 Nc5 11. b3 Nfxe4 12. Nxe4 Nxe4 13. Rxe4 Rxe4 14. Bxe4
c5 15. Bb2 Qf6 16. Qd2 cxd4 17. Rd1 Qe7 18. f3 Bf5 19. Bxf5 gxf5 20. Bxd4 Bxd4+
21. Qxd4 Re8 22. Qf2 b6 23. Kf1 Qc7 24. Re1 Re6 25. Qd2 Qe7 26. Re2 1/2-1/2

[Event "NB II. Barcza csoport"]
[Site "Kazincbarcika"]
[Date "2024.04.07"]
[Round "7.9"]
[White "Fesus, Marcell"]
[Black "Marko, Arpad"]
[Result "1/2-1/2"]
[WhiteElo "1717"]
[BlackElo "1896"]
[PlyCount "61"]
[EventDate "2023.10.08"]
[EventType "team-tourn"]
[EventRounds "9"]
[EventCountry "HUN"]
[Source "chess.hu"]
[WhiteTeam "DEAC-Debr.Sakkiskola"]
[BlackTeam "Kazincbarcika VSC"]
[WhiteTeamCountry "HUN"]
[BlackTeamCountry "HUN"]

1. d4 Nf6 2. c4 g6 3. Nc3 Bg7 4. e4 d6 5. f3 Nbd7 6. Nh3 O-O 7. Nf2 e5 8. d5 h6
9. Be3 Kh7 10. Qd2 Re8 11. Be2 Nf8 12. O-O-O Ng8 13. f4 exf4 14. Bxf4 Nd7 15.
Be3 Ne5 16. Bd4 h5 17. Kb1 Bh6 18. Be3 Bxe3 19. Qxe3 Nh6 20. h3 f6 21. b3 Kg7
22. Qd2 Nhf7 23. Nd3 Nxd3 24. Bxd3 Ne5 25. Bc2 Bd7 26. Rhg1 Qe7 27. Rde1 Rh8
28. Ne2 g5 29. Nd4 a6 30. Bd3 Rad8 31. Rgf1 1/2-1/2

[Event "NB II. Barcza csoport"]
[Site "Kazincbarcika"]
[Date "2024.04.07"]
[Round "7.10"]
[White "Fazekas, Istvan"]
[Black "Gajdacs, Jonathan"]
[Result "1-0"]
[WhiteElo "1876"]
[BlackElo "1657"]
[PlyCount "111"]
[EventDate "2023.10.08"]
[EventType "team-tourn"]
[EventRounds "9"]
[EventCountry "HUN"]
[Source "chess.hu"]
[WhiteTeam "Kazincbarcika VSC"]
[BlackTeam "DEAC-Debr.Sakkiskola"]
[WhiteTeamCountry "HUN"]
[BlackTeamCountry "HUN"]

1. e4 c5 2. Nf3 Nc6 3. d4 cxd4 4. Nxd4 e6 5. Be3 Nf6 6. Bd3 d5 7. Nd2 Be7 8. c3
e5 9. N4b3 O-O 10. h3 Be6 11. Bc5 dxe4 12. Bxe7 Qxe7 13. Nxe4 Rfd8 14. Qc2 h6
15. Qe2 Nxe4 16. Bxe4 Bd5 17. O-O Rd6 18. Bxd5 Rxd5 19. Rad1 Rad8 20. Rxd5 Rxd5
21. Rd1 Qd6 22. Rxd5 Qxd5 23. Qd2 Qxd2 24. Nxd2 Kf8 25. Kf1 Ke7 26. Ke2 Ke6 27.
Ne4 b6 28. Kd3 Kd5 29. f3 f5 30. Nd2 Nd8 31. Nf1 g6 32. Ne3+ Kd6 33. Kc4 a6 34.
Kd3 b5 35. a4 Ne6 36. axb5 axb5 37. c4 b4 38. Nd5 Kc5 39. h4 Nf4+ 40. Nxf4 exf4
41. b3 h5 42. Ke2 Kd6 43. g3 fxg3 44. f4 Kc5 45. Ke3 g2 46. Kf2 g1=Q+ 47. Kxg1
Kd4 48. Kf2 Kc3 49. c5 Kxb3 50. c6 Ka2 51. c7 b3 52. c8=Q b2 53. Qa6+ Kb3 54.
Qb5+ Kc3 55. Ke2 Kc2 56. Qd3+ 1-0

[Event "NB II. Barcza csoport"]
[Site "Kazincbarcika"]
[Date "2024.04.07"]
[Round "7.11"]
[White "Petnehazi, Peter"]
[Black "Elek, Monika"]
[Result "1/2-1/2"]
[WhiteElo "1593"]
[BlackElo "1852"]
[PlyCount "144"]
[EventDate "2023.10.08"]
[EventType "team-tourn"]
[EventRounds "9"]
[EventCountry "HUN"]
[Source "chess.hu"]
[WhiteTeam "DEAC-Debr.Sakkiskola"]
[BlackTeam "Kazincbarcika VSC"]
[WhiteTeamCountry "HUN"]
[BlackTeamCountry "HUN"]

1. d4 d5 2. c4 e6 3. Nc3 c6 4. Bf4 Nf6 5. Nf3 Nbd7 6. e3 Be7 7. h3 O-O 8. Bd3
dxc4 9. Bxc4 Nb6 10. Bb3 Nbd5 11. Bh2 Bb4 12. Qd3 b6 13. O-O a5 14. e4 Nxc3 15.
bxc3 Be7 16. Bc2 g6 17. Qe3 Ba6 18. Rfe1 Nd7 19. e5 Re8 20. Bf4 Bb7 21. Ng5 Nf8
22. h4 c5 23. h5 cxd4 24. cxd4 Rc8 25. Re2 Qd5 26. Be4 Qd7 27. hxg6 fxg6 28.
Bxb7 Qxb7 29. Ne4 Red8 30. Bg5 Bxg5 31. Qxg5 Rb8 32. Nd6 Qd5 33. Qf4 Rd7 34.
Rd2 b5 35. Ne4 Qc4 36. Nf6+ Kg7 37. Nxd7 Nxd7 38. Qf3 Rf8 39. Qd3 Qd5 40. Rc1
Qb7 41. Rdc2 Rd8 42. Rc7 Qd5 43. Qb3 Qxb3 44. axb3 Kg8 45. Ra7 Nf8 46. Rcc7
Rxd4 47. Rc8 Rf4 48. Rxa5 b4 49. Ra6 Kg7 50. Ra7+ Kh6 51. g3 Rf5 52. f4 g5 53.
Rcc7 gxf4 54. gxf4 Rxf4 55. Rab7 Re4 56. Rf7 Ng6 57. Rxh7+ Kg5 58. Rhg7 Kh6 59.
Rg8 Nxe5 60. Re8 Nf3+ 61. Kf2 Nd4 62. Rxb4 Kg5 63. Rb7 Kf4 64. Rd8 e5 65. Rf8+
Kg5 66. b4 Re2+ 67. Kf1 Rb2 68. Rg7+ Kh6 69. Rg3 Kh7 70. Rf2 Rb1+ 71. Kg2 Rxb4
72. Kf1 Rb1+ 1/2-1/2

[Event "NB II. Barcza csoport"]
[Site "Kazincbarcika"]
[Date "2024.04.07"]
[Round "7.12"]
[White "Fazekas, David"]
[Black "Biro, Csilla"]
[Result "0-1"]
[WhiteElo "1596"]
[BlackElo "1632"]
[PlyCount "142"]
[EventDate "2023.10.08"]
[EventType "team-tourn"]
[EventRounds "9"]
[EventCountry "HUN"]
[Source "chess.hu"]
[WhiteTeam "Kazincbarcika VSC"]
[BlackTeam "DEAC-Debr.Sakkiskola"]
[WhiteTeamCountry "HUN"]
[BlackTeamCountry "HUN"]

1. e4 e6 2. d4 d5 3. exd5 exd5 4. Bb5+ c6 5. Bd3 Nf6 6. Bg5 Be7 7. Bxf6 Bxf6 8.
Nf3 Qb6 9. Qe2+ Be6 10. c3 Nd7 11. Na3 O-O 12. Rb1 Rfe8 13. O-O c5 14. dxc5
Nxc5 15. Qc2 Nxd3 16. Qxd3 Rad8 17. Nd4 Bg4 18. Nac2 Bh5 19. Nf3 Bg6 20. Qd2
Qb5 21. Ncd4 Qb6 22. Rbd1 Qa6 23. a3 Bh5 24. Rde1 Qd6 25. Nf5 Qd7 26. N5d4 Rxe1
27. Rxe1 Re8 28. Rxe8+ Qxe8 29. h3 h6 30. Qf4 Bg6 31. Qc7 Qa8 32. c4 dxc4 33.
Qxc4 Qd8 34. b4 Qb6 35. a4 Be7 36. b5 Qc5 37. Qxc5 Bxc5 38. Nb3 Bd6 39. Nbd4
Kf8 40. a5 Bd3 41. Nd2 Ke8 42. g3 Bc5 43. N2b3 Bxd4 44. Nxd4 Kd7 45. Kg2 Kd6
46. b6 a6 47. Kf3 Kc5 48. Ke3 Bg6 49. f4 Bb1 50. g4 Kb4 51. g5 h5 52. h4 Kxa5
53. f5 Kxb6 54. g6 fxg6 55. fxg6 Bxg6 56. Ne6 Kb5 57. Nxg7 Kb4 58. Kf4 a5 59.
Kg5 a4 60. Kxg6 a3 61. Kxh5 a2 62. Kh6 a1=Q 63. h5 Qf6+ 64. Kh7 Qf7 65. h6 Ka3
66. Kh8 b5 67. Ne6 Qxe6 68. h7 Qe8+ 69. Kg7 b4 70. h8=Q Qxh8+ 71. Kxh8 b3 0-1

[Event "NB II. Barcza csoport"]
[Site "Debrecen"]
[Date "2024.04.07"]
[Round "7.1"]
[White "Kiss, Pal"]
[Black "Forgacs, Jozsef"]
[Result "1/2-1/2"]
[WhiteElo "2244"]
[BlackElo "2216"]
[PlyCount "21"]
[EventDate "2023.10.08"]
[EventType "team-tourn"]
[EventRounds "9"]
[EventCountry "HUN"]
[Source "chess.hu"]
[WhiteTeam "Edelenyi VSE"]
[BlackTeam "Karsol-DSBK"]
[WhiteTeamCountry "HUN"]
[BlackTeamCountry "HUN"]

1. d4 f5 2. g3 Nf6 3. Bg2 e6 4. Nf3 d5 5. O-O Bd6 6. c4 c6 7. Nbd2 O-O 8. Qc2
Qe7 9. b3 b6 10. Bb2 Bb7 11. Ne5 1/2-1/2

[Event "NB II. Barcza csoport"]
[Site "Debrecen"]
[Date "2024.04.07"]
[Round "7.2"]
[White "Braun, Marton"]
[Black "Barva, Attila Dr"]
[Result "0-1"]
[WhiteElo "2162"]
[BlackElo "2358"]
[PlyCount "38"]
[EventDate "2023.10.08"]
[EventType "team-tourn"]
[EventRounds "9"]
[EventCountry "HUN"]
[Source "chess.hu"]
[WhiteTeam "Karsol-DSBK"]
[BlackTeam "Edelenyi VSE"]
[WhiteTeamCountry "HUN"]
[BlackTeamCountry "HUN"]

1. d4 Nf6 2. c4 c5 3. d5 b5 4. cxb5 a6 5. Nc3 axb5 6. e4 b4 7. Nb5 d6 8. Bc4
Nbd7 9. Nf3 Nb6 10. Be2 Nxe4 11. O-O g6 12. Re1 Nf6 13. Bf4 Bg7 14. Nxd6+ exd6
15. Bb5+ Kf8 16. Qe2 Kg8 17. Ng5 h6 18. Ne4 Nxe4 19. Qxe4 Bd7 0-1

[Event "NB II. Barcza csoport"]
[Site "Debrecen"]
[Date "2024.04.07"]
[Round "7.3"]
[White "Vodila, Martin Botond"]
[Black "Cselenyi, Balazs"]
[Result "1-0"]
[WhiteElo "2230"]
[BlackElo "2098"]
[PlyCount "41"]
[EventDate "2023.10.08"]
[EventType "team-tourn"]
[EventRounds "9"]
[EventCountry "HUN"]
[Source "chess.hu"]
[WhiteTeam "Edelenyi VSE"]
[BlackTeam "Karsol-DSBK"]
[WhiteTeamCountry "HUN"]
[BlackTeamCountry "HUN"]

1. e4 c5 2. Nf3 e6 3. Nc3 Nc6 4. Bb5 Nge7 5. O-O a6 6. Bxc6 Nxc6 7. d4 cxd4 8.
Nxd4 Qc7 9. Be3 Ne5 10. Bf4 d6 11. a4 Bd7 12. Qe2 Rc8 13. Rfd1 Be7 14. Nf3 Nc4
15. e5 O-O 16. exd6 Bxd6 17. Bxd6 Nxd6 18. Qd3 Nc4 19. Qxd7 Nxb2 20. Qxc7 Rxc7
21. Rdb1 1-0

[Event "NB II. Barcza csoport"]
[Site "Debrecen"]
[Date "2024.04.07"]
[Round "7.4"]
[White "Kanyadi, Zoltan"]
[Black "Dudas, Peter"]
[Result "1/2-1/2"]
[WhiteElo "2082"]
[BlackElo "2166"]
[PlyCount "65"]
[EventDate "2023.10.08"]
[EventType "team-tourn"]
[EventRounds "9"]
[EventCountry "HUN"]
[Source "chess.hu"]
[WhiteTeam "Karsol-DSBK"]
[BlackTeam "Edelenyi VSE"]
[WhiteTeamCountry "HUN"]
[BlackTeamCountry "HUN"]

1. Nf3 d5 2. g3 Nf6 3. Bg2 c6 4. O-O e6 5. d3 Nbd7 6. Nfd2 Be7 7. e4 O-O 8. Qe2
Qc7 9. c4 dxe4 10. dxe4 e5 11. f4 Nc5 12. f5 Qd6 13. h3 Qd3 14. Re1 Qxg3 15.
Nf1 Qd3 16. Nc3 b6 17. Bg5 Ba6 18. Ne3 Qxe2 19. Rxe2 Rfd8 20. b4 Nd3 21. b5 Bb4
22. Ncd1 Bb7 23. bxc6 Bxc6 24. Nd5 Bc5+ 25. Kh1 Bxd5 26. exd5 Bd4 27. Rb1 h6
28. Bh4 Rac8 29. Rd2 Nf4 30. Bf1 Ne4 31. Rxd4 exd4 32. Bxd8 Nd2 33. Be7 1/2-1/2

[Event "NB II. Barcza csoport"]
[Site "Debrecen"]
[Date "2024.04.07"]
[Round "7.5"]
[White "Molnar, Laszlo"]
[Black "Bodnar, Mate"]
[Result "1-0"]
[WhiteElo "2098"]
[BlackElo "2004"]
[PlyCount "61"]
[EventDate "2023.10.08"]
[EventType "team-tourn"]
[EventRounds "9"]
[EventCountry "HUN"]
[Source "chess.hu"]
[WhiteTeam "Edelenyi VSE"]
[BlackTeam "Karsol-DSBK"]
[WhiteTeamCountry "HUN"]
[BlackTeamCountry "HUN"]

1. Nf3 Nf6 2. g3 g6 3. Bg2 Bg7 4. O-O O-O 5. c4 d6 6. d4 Nc6 7. d5 Nb8 8. Nc3
Nbd7 9. h3 Nc5 10. Nd4 e5 11. dxe6 Nxe6 12. Be3 h5 13. Nb3 a6 14. c5 d5 15.
Nxd5 Nxd5 16. Qxd5 Qf6 17. Rab1 Rd8 18. Qf3 Qxf3 19. Bxf3 Bd4 20. Bxd4 Nxd4 21.
Nxd4 Rxd4 22. Rfd1 Rxd1+ 23. Rxd1 Bxh3 24. Bxb7 Rb8 25. c6 Kf8 26. b4 Ke8 27.
a3 Be6 28. Bxa6 Ra8 29. b5 Rb8 30. a4 Bb3 31. Rd7 1-0

[Event "NB II. Barcza csoport"]
[Site "Debrecen"]
[Date "2024.04.07"]
[Round "7.6"]
[White "Kelemen, Imre"]
[Black "Ladanyi, Tibor"]
[Result "1/2-1/2"]
[WhiteElo "1993"]
[BlackElo "2015"]
[PlyCount "86"]
[EventDate "2023.10.08"]
[EventType "team-tourn"]
[EventRounds "9"]
[EventCountry "HUN"]
[Source "chess.hu"]
[WhiteTeam "Karsol-DSBK"]
[BlackTeam "Edelenyi VSE"]
[WhiteTeamCountry "HUN"]
[BlackTeamCountry "HUN"]

1. Nf3 c5 2. g3 Nc6 3. Bg2 e5 4. d3 g6 5. c4 Bg7 6. Nc3 Nge7 7. Rb1 O-O 8. O-O
d6 9. a3 a5 10. Bd2 Rb8 11. Nb5 Nd4 12. Nfxd4 exd4 13. b4 axb4 14. axb4 b6 15.
bxc5 bxc5 16. Bf4 Be5 17. Bxe5 dxe5 18. Qa4 Bb7 19. Qa7 Bxg2 20. Kxg2 Rc8 21.
Qb7 Nc6 22. Na7 Nxa7 23. Qxa7 Qd6 24. Rb6 Rc6 25. Rfb1 Rfc8 26. f3 Kg7 27. Rxc6
Rxc6 28. Rb7 Qf6 29. Re7 h5 30. h4 Kf8 31. Rd7 Kg7 32. Rd5 e4 33. fxe4 Ra6 34.
Qc7 Ra2 35. Qe5 Rxe2+ 36. Kh3 Re3 37. Rxc5 Rxd3 38. Qxf6+ Kxf6 39. Rd5 Ke6 40.
Kg2 Rc3 41. c5 f5 42. Rxd4 Rxc5 43. exf5+ Rxf5 1/2-1/2

[Event "NB II. Barcza csoport"]
[Site "Debrecen"]
[Date "2024.04.07"]
[Round "7.7"]
[White "Bako, Martin"]
[Black "Botragyi, Tibor"]
[Result "1/2-1/2"]
[WhiteElo "1987"]
[BlackElo "1983"]
[PlyCount "130"]
[EventDate "2023.10.08"]
[EventType "team-tourn"]
[EventRounds "9"]
[EventCountry "HUN"]
[Source "chess.hu"]
[WhiteTeam "Edelenyi VSE"]
[BlackTeam "Karsol-DSBK"]
[WhiteTeamCountry "HUN"]
[BlackTeamCountry "HUN"]

1. d4 Nf6 2. c4 g6 3. Nc3 d5 4. cxd5 Nxd5 5. e4 Nxc3 6. bxc3 Bg7 7. Bc4 O-O 8.
Ne2 c5 9. O-O Nc6 10. Be3 Bg4 11. f3 cxd4 12. cxd4 Na5 13. Bxf7+ Rxf7 14. fxg4
Rxf1+ 15. Kxf1 Qd7 16. h3 Nc4 17. Qb3 Rc8 18. Rc1 b5 19. Kg1 Kh8 20. e5 a6 21.
Bg5 Rf8 22. a4 e6 23. axb5 axb5 24. Rf1 Rxf1+ 25. Kxf1 Qd5 26. Qf3 Qxf3+ 27.
gxf3 Kg8 28. Nc1 Kf7 29. Nb3 Bf8 30. Bc1 Ke8 31. Ke2 Kd7 32. Kd3 Kc6 33. Ke4
Nb6 34. Na5+ Kc7 35. Nb3 Kc6 36. Bd2 b4 37. Kd3 Kb5 38. Nc1 Ka4 39. Kc2 Nc4 40.
Be1 Na5 41. Nd3 Nc6 42. Bf2 b3+ 43. Kb1 Ka3 44. Nc5 Na5 45. Nxe6 Nc4 46. Be1 b2
47. Bc3 Bb4 48. Bxb4+ Kxb4 49. Nc5 Ka3 50. Ne4 Kb3 51. Nc5+ Kc3 52. Na4+ Kxd4
53. e6 Ke3 54. e7 Nd6 55. Nxb2 Kxf3 56. Nc4 Ne8 57. Ne5+ Kg3 58. Kc2 Kxh3 59.
g5 Kg3 60. Nd7 Kf4 61. Nf6 Ng7 62. Nxh7 Kf5 63. Nf8 Kxg5 64. Ne6+ Kf6 65. Nxg7
Kxe7 1/2-1/2

[Event "NB II. Barcza csoport"]
[Site "Debrecen"]
[Date "2024.04.07"]
[Round "7.9"]
[White "Duzs, Jozsef"]
[Black "Szakaly, Balazs"]
[Result "0-1"]
[WhiteElo "1965"]
[BlackElo "2074"]
[PlyCount "30"]
[EventDate "2023.10.08"]
[EventType "team-tourn"]
[EventRounds "9"]
[EventCountry "HUN"]
[Source "chess.hu"]
[WhiteTeam "Edelenyi VSE"]
[BlackTeam "Karsol-DSBK"]
[WhiteTeamCountry "HUN"]
[BlackTeamCountry "HUN"]

1. d4 d5 2. Nf3 e6 3. Bf4 Bd6 4. e3 f5 5. Ne5 Nf6 6. Bd3 O-O 7. O-O Nbd7 8.
Nxd7 Qxd7 9. Nd2 b6 10. Bxd6 Qxd6 11. c4 Bb7 12. Rc1 Ng4 13. g3 dxc4 14. Bxc4
Rf6 15. h3 Nxe3 0-1

[Event "NB II. Barcza csoport"]
[Site "Debrecen"]
[Date "2024.04.07"]
[Round "7.10"]
[White "Szava, Miklos"]
[Black "Galko, Attila"]
[Result "1-0"]
[WhiteElo "1973"]
[BlackElo "1920"]
[PlyCount "39"]
[EventDate "2023.10.08"]
[EventType "team-tourn"]
[EventRounds "9"]
[EventCountry "HUN"]
[Source "chess.hu"]
[WhiteTeam "Karsol-DSBK"]
[BlackTeam "Edelenyi VSE"]
[WhiteTeamCountry "HUN"]
[BlackTeamCountry "HUN"]

1. e4 d5 2. exd5 Qxd5 3. Nc3 Qa5 4. d4 Nf6 5. Bc4 Bf5 6. Bd2 c6 7. Qe2 Qc7 8.
Nf3 e6 9. Ne5 h6 10. g4 Bh7 11. O-O-O Bd6 12. g5 hxg5 13. Bxg5 Nd5 14. Bxd5
cxd5 15. Nb5 Qb6 16. Nxd6+ Qxd6 17. Qb5+ Nd7 18. Bf4 g5 19. Qxb7 Rd8 20. Bxg5
1-0